Superconductivity: Basics and applications to magnets (Record no. 1236973)

MARC details
000 -LEADER
fixed length control field 00733nam a2200301Ia 4500
005 - DATE AND TIME OF LATEST TRANSACTION
control field 20250115124452.0
008 - FIXED-LENGTH DATA ELEMENTS--GENERAL INFORMATION
fixed length control field 008 250103s9999 xx 000 0 eng d
020 ## - INTERNATIONAL STANDARD BOOK NUMBER
International Standard Book Number 9783030756710
037 ## - SOURCE OF ACQUISITION
Stock number Textual
040 ## - CATALOGING SOURCE
Original cataloging agency CSL
Language of cataloging eng
040 ## - CATALOGING SOURCE
Transcribing agency CSL
041 ## - LANGUAGE CODE
Source of code eng
041 ## - LANGUAGE CODE
Language code of text/sound track or separate title eng
084 ## - COLON CLASSIFICATION NUMBER
Classification number C6:21 R1
084 ## - COLON CLASSIFICATION NUMBER
Assigning agency CSL
100 ## - MAIN ENTRY--PERSONAL NAME
Personal name Sharma, R G
9 (RLIN) 732261
245 #0 - TITLE STATEMENT
Title Superconductivity: Basics and applications to magnets
245 #0 - TITLE STATEMENT
Statement of responsibility, etc. Sharma, R G
250 ## - EDITION STATEMENT
Edition statement 2nd
260 ## - PUBLICATION, DISTRIBUTION, ETC.
Place of publication, distribution, etc. Switzerland
260 ## - PUBLICATION, DISTRIBUTION, ETC.
Name of publisher, distributor, etc. Springer
260 ## - PUBLICATION, DISTRIBUTION, ETC.
Date of publication, distribution, etc. 2012
300 ## - PHYSICAL DESCRIPTION
Extent xxiv, 631p. ill.
650 ## - SUBJECT ADDED ENTRY--TOPICAL TERM
Topical term or geographic name entry element Fusion reactors
9 (RLIN) 732262
650 ## - SUBJECT ADDED ENTRY--TOPICAL TERM
Topical term or geographic name entry element Physics
942 ## - ADDED ENTRY ELEMENTS (KOHA)
Koha item type Textual
Classification part C6:21 R1
Holdings
Withdrawn status Lost status Damaged status Not for loan Home library Current library Date acquired Total Checkouts Full call number Barcode Date last seen Price effective from Koha item type
        Central Science Library Central Science Library 2025-01-15   C6:21 R1 SL0860157 2025-01-15 2025-01-15 Textual
Copyright @ Delhi University Library System